| 000 | 00645nam a2200217 a 4500 | ||
|---|---|---|---|
| 001 | 56309 | ||
| 003 | BD-RjUL | ||
| 005 | 20211209080359.0 | ||
| 008 | 161128s1995 bg ||||| |||| 00| 0 eng d | ||
| 035 | _a(BD-RjUL)56433 | ||
| 040 |
_aBD-RjUL _beng _cBD-RjUL _dBD-RjUL |
||
| 041 | _aeng | ||
| 082 |
_223 _a631.21 _bBAH 1995 |
||
| 100 |
_aBanu, Tahamin _9167555 |
||
| 245 | 1 | 0 |
_aHomestead agriculture and food processing project : _bLessons learnt and their replicability / _cTahamin Banu |
| 260 |
_aBangladesh : _bKotbari, _c1995 |
||
| 300 |
_a40 p. ; _c26 cm. |
||
| 650 |
_aagriculture _9167556 |
||
| 650 |
_aFarmhouses _9167557 |
||
| 942 |
_2ddc _cBK |
||
| 999 |
_c56309 _d56309 |
||